Guidelines for forensic engineering practice /

Bibliographic Details
Corporate Authors: Technical Council on Forensic Engineering (American Society of Civil Engineers). Forensic Engineering Practice Committee, American Society of Civil Engineers
Other Authors: Kardon, Joshua B.
Format: Book
Language:English
Published: Reston : Published by the American Society of Civil Engineers, [2012]
Edition:Second edition.
Subjects:

MARC

Tag First Indicator Second Indicator Subfields
LEADER 00000cam a2200000 i 4500
001 in00002787419
005 20151202172132.0
008 120927t20122012vau b 001 0 eng
010 |a  2012029642 
020 |a 9780784412466 (pbk.) 
020 |a 0784412464 (pbk.) 
035 |a (OCoLC)ocn811426682 
035 |a (OCoLC)811426682 
040 |a DLC  |b eng  |e rda  |c DLC  |d OCLCO  |d TXA  |d UtOrBLW 
042 |a pcc 
049 |a TXAM 
050 0 0 |a TA219  |b .G85 2012 
082 0 0 |a 363.25/62  |2 23 
245 0 0 |a Guidelines for forensic engineering practice /  |c prepared by Forensic Practices Committee, Technical Council on Forensic Engineering of the American Society of Civil Engineers ; edited by Joshua B. Kardon, Ph.D., S.E., F.ASCE. 
250 |a Second edition. 
264 1 |a Reston :  |b Published by the American Society of Civil Engineers,  |c [2012] 
264 4 |c ©2012 
300 |a ix, 127 pages ;  |c 22 cm 
336 |a text  |b txt  |2 rdacontent 
337 |a unmediated  |b n  |2 rdamedia 
338 |a volume  |b nc  |2 rdacarrier 
504 |a Includes bibliographical references and index. 
650 0 |a Forensic engineering. 
700 1 |a Kardon, Joshua B. 
710 2 |a Technical Council on Forensic Engineering (American Society of Civil Engineers).  |b Forensic Engineering Practice Committee. 
710 2 |a American Society of Civil Engineers. 
994 |a C0  |b TXA 
948 |a cataloged  |b h  |c 2012/12/18  |d c  |e nbehmer  |f 2:08:01 pm 
999 |a MARS 
999 f f |s 88adb76f-26a3-3894-abf1-bc5725df51c8  |i 9d763310-bc17-3998-88bc-9b998f7a153a  |t 0 
952 f f |p normal  |a Texas A&M University  |b College Station  |c Sterling C. Evans Library  |d Evans: Library Stacks  |t 0  |e TA219 .G85 2012  |h Library of Congress classification  |i unmediated -- volume  |m A14841625256 
998 f f |a TA219 .G85 2012  |t 0  |l Evans: Library Stacks